Derecho procesal penal
Guardat en:
| Autors principals: | , |
|---|---|
| Format: | Llibre |
| Idioma: | espanyol |
| Publicat: |
Santiago
Legal Publishing Chile
2010
|
| Edició: | 1a. ed |
| Col·lecció: | Colección Derecho y Proceso
|
| Matèries: | |
| Etiquetes: |
Afegir etiqueta
Sense etiquetes, Sigues el primer a etiquetar aquest registre!
|
MARC
| LEADER | 00000nam a2200000 a 4500 | ||
|---|---|---|---|
| 001 | UCG3863 | ||
| 003 | CL-VaPUC | ||
| 008 | 100916e20100700CL |||||||||||||||||spa|d | ||
| 020 | |a 9789562389143 | ||
| 082 | 0 | 4 | |a 345.8305 |b MAT |2 21 |
| 100 | |a Maturana Miquel, Cristián |e autor |9 598660 | ||
| 700 | 0 | |a Montero López, Raúl |e author |9 553182 | |
| 245 | 1 | 0 | |a Derecho procesal penal |
| 250 | |a 1a. ed | ||
| 300 | |a 2 t | ||
| 942 | |c BK | ||
| 945 | |d 20100916 00:00:00 |a mfarfan | ||
| 260 | |a Santiago |b Legal Publishing Chile |c 2010 | ||
| 650 | 7 | |a DERECHO PENAL |2 CL-VaPUC |9 11 | |
| 650 | 0 | |a Derecho procesal penal |9 256392 | |
| 583 | |a last modification |c 20100916 00:00:00 |k Rodrigo Vera | ||
| 490 | 0 | |a Colección Derecho y Proceso | |
| 999 | |c 342828 |d 342826 | ||
| 952 | |0 0 |1 0 |4 0 |6 345_830500000000000_MAT_2010 |7 0 |8 A |9 439408 |a BIBDER |b BIBDER |d 2019-11-22 |h t.1 |i 4720172 |l 1 |o 345.8305 MAT 2010 |p 4720172 |r 2023-01-25 |s 2022-06-29 |w 2019-11-22 |y BK |k DER | ||
| 952 | |0 0 |1 0 |4 0 |6 345_830500000000000_MAT_2010 |7 0 |8 A |9 439409 |a BIBDER |b BIBDER |d 2019-11-22 |h t.1 |i 4720342 |o 345.8305 MAT 2010 |p 4720342 |r 2023-01-25 |w 2019-11-22 |y BK |k DER | ||
| 952 | |0 0 |1 0 |4 0 |6 345_830500000000000_MAT_2010 |7 0 |8 A |9 439410 |a BIBDER |b BIBDER |d 2019-11-22 |h t.2 |i 4720180 |l 1 |o 345.8305 MAT 2010 |p 4720180 |r 2023-01-25 |s 2022-06-28 |w 2019-11-22 |y BK |k DER | ||
| 952 | |0 0 |1 0 |4 0 |6 345_830500000000000_MAT_2010 |7 0 |8 A |9 439411 |a BIBDER |b BIBDER |d 2019-11-22 |h t.2 |i 4720350 |o 345.8305 MAT 2010 |p 4720350 |r 2023-01-25 |w 2019-11-22 |y BK |k DER | ||